00440nam a2200157Ia 4500008004100000082002100041100001800062245004000080250000600120260003200126300000800158600001800166630004000184700001800224730004000242151018s9999 xx 000 0 und d bRBASDV46203a823 aVikas khatri aThe Twin Brothers and other stories b1 bchetan sahitya Mandirc2008 a168 aVikas khatri aThe Twin Brothers and other stories aVikas khatri aThe Twin Brothers and other stories